| Tag |
First Indicator |
Second Indicator |
Subfields |
| LEADER |
00000cam a2200000 a 4500 |
| 001 |
in00000007424 |
| 005 |
20151005080014.0 |
| 008 |
850830s1985 mau 00011 eng d |
| 035 |
|
|
|a (OCoLC)12444176
|
| 035 |
|
|
|9 AAA1917AM
|
| 040 |
|
|
|a MUM
|c MUM
|d m/c
|d TXA
|d UtOrBLW
|
| 049 |
|
|
|a TXAM
|c [A12604118]
|
| 050 |
|
4 |
|a PS3557.R48998
|b H4 1985b
|
| 100 |
1 |
|
|a Grimes, Martha.
|
| 245 |
1 |
0 |
|a Help the poor struggler /
|c Martha Grimes.
|
| 250 |
|
|
|a [Book Club ed.].
|
| 264 |
|
1 |
|a Boston :
|b Little, Brown,
|c [1985]
|
| 264 |
|
4 |
|c ©1985
|
| 300 |
|
|
|a 178 pages ;
|c 22 cm.
|
| 336 |
|
|
|a text
|b txt
|2 rdacontent
|
| 337 |
|
|
|a unmediated
|b n
|2 rdamedia
|
| 338 |
|
|
|a volume
|b nc
|2 rdacarrier
|
| 999 |
|
|
|a MARS
|
| 999 |
f |
f |
|s 64abc7b8-fb47-3d9e-aab0-9e668b1b20ec
|i 37895e66-0659-345f-b524-5bd940b83151
|t 0
|
| 952 |
f |
f |
|p ric
|a Texas A&M University
|b Rellis Campus
|c Joint Library Facility
|d Remote Storage
|t 0
|e PS3557 .R48998 H4 1985b
|h Library of Congress classification
|i unmediated -- volume
|m A14812604118
|
| 998 |
f |
f |
|a PS3557 .R48998 H4 1985b
|t 0
|l Remote Storage
|